Southville International School and Colleges
Your cart is empty.
  • Cart
  • Lists
    Public lists Eva Luna New books Lux_list list_1
    Your lists Log in to create your own lists
  • Log in to your account
  • Your cookies
  • Search history
Southville International School and Colleges
  • Advanced search
  • Recent comments
  • Most popular
  • Libraries

Log in to your account

Log in with GOOGLE


If you do not have an external account, but do have a local account, you can still log in:

  1. Home
  2. MARC view: Managerial accounting :
Normal view MARC view ISBD view

Managerial accounting : (Record no. 48589)

[ view plain ]
MARC details
000 -LEADER
fixed length control field 00653nam a2200193Ia 4500
008 - FIXED-LENGTH DATA ELEMENTS--GENERAL INFORMATION
fixed length control field 140321s9999 xx 000 0 und d
020 ## - INTERNATIONAL STANDARD BOOK NUMBER
International Standard Book Number 9781111571269
050 ## - LIBRARY OF CONGRESS CALL NUMBER
Classification number HF 5657.4
Item number .M277 2012
100 ## - MAIN ENTRY--PERSONAL NAME
Personal name Maher, Michael W.
245 ## - TITLE STATEMENT
Title Managerial accounting :
Remainder of title an introduction to concepts, methods, and uses /
Statement of responsibility, etc Michael W. Maher, Clyde P. Stickney & Roman L. Weil.
250 ## - EDITION STATEMENT
Edition statement 11th ed.
260 ## - PUBLICATION, DISTRIBUTION, ETC. (IMPRINT)
Place of publication, distribution, etc Ohio :
Name of publisher, distributor, etc South-Western Cengage Learning,
Date of publication, distribution, etc c2012.
300 ## - PHYSICAL DESCRIPTION
Extent 619 p. :
Other physical details ill. ;
Dimensions 28 cm.
500 ## - GENERAL NOTE
General note Includes bibliographical references and index.
521 ## - TARGET AUDIENCE NOTE
Target audience note
650 ## - SUBJECT ADDED ENTRY--TOPICAL TERM
Topical term or geographic name as entry element Managerial accounting.
942 ## - ADDED ENTRY ELEMENTS (KOHA)
Call number prefix Foreign
Koha item type Books
Holdings
Withdrawn status Lost status Damaged status Home library Current library Shelving location Date acquired Total Checkouts Total Renewals Full call number Barcode Date last seen Date checked out Price effective from Koha item type
      College Library College Library Reserve Section 03/21/2014 1 2 HF 5657.4 .M277 2012 C17872 08/23/2017 07/31/2017 03/21/2014 Books

Managerial accounting :

APA

Maher M. W., . (2012). Managerial accounting. Ohio: South-Western Cengage Learning.

Chicago

Maher Michael W, . 2012. Managerial accounting. Ohio: South-Western Cengage Learning.

Harvard

Maher M. W., . (2012). Managerial accounting. Ohio: South-Western Cengage Learning.

MLA

Maher Michael W, . Managerial accounting. Ohio: South-Western Cengage Learning. 2012.

  • Place hold
  • Print
  • Cite
  • Add to your cart (remove)
  • Save record
    BIBTEX Dublin Core MARCXML MARC (non-Unicode/MARC-8) MARC (Unicode/UTF-8) MARC (Unicode/UTF-8, Standard) MODS (XML) RIS
  • More searches
    Search for this title in:
    Other Libraries (WorldCat) Other Databases (Google Scholar) Online Stores (Bookfinder.com) Open Library (openlibrary.org)

Exporting to Dublin Core...

SOUTHVILLE LIBRARY

Southville International School and Colleges Library

1281 Tropical Ave. Cor. Luxembourg St., BF Homes International, Las Pinas City

Tel. No. 8256374 / 252358 Loc. 117/146

Powered by Koha